Pohrajme si s rozprávkami /

Uložené v:
Podrobná bibliografia
Hlavný autor: Rodari, Gianni, 1920-1980 (Author)
Médium: Kniha
Jazyk:Slovak
Italian
Vydané: Bratislava : Mladé letá, 1985.
Vydanie:1. vyd.
Edícia:Zlatý klúčik
ISBN: (viaz.)
Fyzický popis: 109 s.
Tagy: Pridať tag
Žiadne tagy, Buďte prvý kto otaguje tento záznam!

MARC

LEADER 00000nam a22000001 4500
001 000401444
005 20120915191434.0
008 021101s1985 xo e slo d
020 |a (viaz.)  |c Kčs 21,00 
040 |a SVKKK  |b slo  |c SVKKK  |e AACR2 
041 1 |a slo  |h ita 
044 |a xo  |c SK 
100 1 |a Rodari, Gianni,  |d 1920-1980  |4 aut 
245 1 0 |a Pohrajme si s rozprávkami /  |c Gianni Rodari ; Z talianskeho orig. Tante storie per giocare prel. Mária Štefánková ; fareb il. Adolf Born. 
250 |a 1. vyd. 
260 |a Bratislava :  |b Mladé letá,  |c 1985. 
300 |a 109 s. 
490 1 |a Zlatý klúčik 
500 |a Pre čitateľov od 6 rokov 
910 |a svkkk 
998 |a BK 
090 |g SCKHL  |k Sklad Pribinova prízemie  |a IV.129120  |j 725342  |i B261535  |s Dočasne nezv.